Normal view
MARC view
- Co-Supervisor, Asst. Prof Ahmad Sohail
Entry Personal Name
001 - CONTROL NUMBER
- control field: 71537
003 - CONTROL NUMBER IDENTIFIER
- control field: NUST
005 - DATE AND TIME OF LATEST TRANSACTION
- control field: 20210628204639.0
008 - FIXED-LENGTH DATA ELEMENTS
- fixed length control field: 210628|| aca||aabn | a|a d
040 ## - CATALOGING SOURCE
- Original cataloging agency: NUST
- Transcribing agency: NUST
100 ## - HEADING--PERSONAL NAME
- Personal name: Co-Supervisor, Asst. Prof Ahmad Sohail
670 ## - SOURCE DATA FOUND
- Source citation: Work cat.: (NUST): Ahsan bin Bilal, M.Umais Javed, Haider Ali Nawaz 71536, PR-SOF-1464-WASTE HEAT RECOVERY FROM BISCUIT OVEN LINE & DESIGN OF HEAT EXCHANGER, 2015
